Población total por provincias, cantones y distritos a junio de 1984

Sparad:
Bibliografiska uppgifter
Institutionell upphovsman: Costa Rica. Ministerio de Economía, Industria y Comercio. Dirección General de Estadística y Censos
Materialtyp: Text
Publicerad: San José: MEIC. DGEC
Upplaga:2
Ämnen:
Taggar: Lägg till en tagg
Inga taggar, Lägg till första taggen!

MARC

LEADER 00000 a a2200000 04500
001 13979
003
040
090 |a EXTRAVIADO  
110 |a Costa Rica. Ministerio de Economía, Industria y Comercio. Dirección General de Estadística y Censos  
245 |a Población total por provincias, cantones y distritos a junio de 1984  
250 |a 2  
260 |a San José:   |b MEIC. DGEC  
300 |a 13 p.  
650 |a POBLACION  
999 |c 8200  |d 8200